Geología de los cuadrángulos Estación Colupito y Toco, región de Antofagasta

সংরক্ষণ করুন:
গ্রন্থ-পঞ্জীর বিবরন
প্রধান লেখক: Boric P., Ricardo (Author)
বিন্যাস: গ্রন্থ
ভাষা:স্প্যানিশ
প্রকাশিত: Santiago Instituto de Investigaciones Geológicas 1981
মালা:Carta Geológica de Chile, 49-50
বিষয়গুলি:
ট্যাগগুলো: ট্যাগ যুক্ত করুন
কোনো ট্যাগ নেই, প্রথমজন হিসাবে ট্যাগ করুন!

MARC

LEADER 00000nam a2200000 a 4500
001 UCK1446
003 CL-VaPUC
008 041112e19810000CL |||||||||||||||||spa|d
082 0 4 |a 558.3  |b BOR  |2 21 
100 0 |a Boric P., Ricardo  |e author  |9 489291 
245 1 0 |a Geología de los cuadrángulos Estación Colupito y Toco, región de Antofagasta 
300 |a 52 p 
942 |c BK 
945 |d 20041112 00:00:00  |a cmena 
260 |a Santiago  |b Instituto de Investigaciones Geológicas  |c 1981 
500 |a Escala: 1:50.000 
500 |a Incluye 1 mapa 
650 7 |a MAPAS GEOLOGICOS  |2 CL-VaPUC  |9 362393 
650 0 |a Recursos naturales  |9 255232 
650 7 |a RECURSOS MINERALES  |2 CL-VaPUC  |9 351120 
651 7 |a ANTOFAGASTA  |2 CL-VaPUC  |9 319270 
583 |a last modification  |c 20041112 00:00:00  |k Rodrigo Vera 
490 0 |a Carta Geológica de Chile, 49-50 
999 |c 311415  |d 311413 
952 |0 0  |1 0  |4 0  |6 558_300000000000000_BOR_1981  |7 0  |8 F  |9 380798  |a BIBING  |b BIBING  |d 2019-11-21  |i 4041313  |o 558.3 BOR 1981  |p 4041313  |r 2025-01-20  |w 2019-11-21  |y BK_F  |k GEO